| 000 | 00621cab a2200193 4500 | ||
|---|---|---|---|
| 001 | ABS41943 | ||
| 008 | 090401t1990 xxu||||| |||| 00| 0 eng d | ||
| 035 | _a(Sirsi) u33626 | ||
| 041 | _aeng | ||
| 100 | _aDavidson, P. | ||
| 245 | _aHow to meet the new thermal regs 1 | ||
| 260 | _c1990 | ||
| 350 | _a0 | ||
| 490 |
_aBuilding Today _v199(5839) 18 January 1990, 16-17(2) |
||
| 520 | _aSummary of the new Building Regulations due to come into force in April 1990. This, the first in a series, deals with thermal insulation . | ||
| 690 | _aBUILDING AND CONSTRUCTION-REGULATIONS | ||
| 942 | _n0 | ||
| 948 | _c04/03/1997 | ||
| 999 |
_c22431 _d22431 |
||